Brawl Stars : Les 20 Brawlers ayant le moins de vie dans le jeu - Statistiques

Statistiques générales
  • Ce quiz a été pris 671 fois
    440 depuis la dernière actualisation
  • Le résultat moyen est 12 sur 20
Statistiques - réponses
Nbr de Pv Brawler % Correct
5600 Larry et Lawrie
89%
4400 Tick
84%
4800 Bartaba
81%
4800 Corbac
81%
5600 Dynamike
74%
5600 Colt
72%
4600 Polly
72%
5600 Spike
71%
5400 Brock
67%
5600 Mandy
57%
5600 Ricochet
54%
5000 Béa
52%
4800 Byron
52%
5600 Grom
48%
4800 Nani
48%
5600 Willow
46%
5000 Berry
44%
5200 Belle
43%
5800 Eve
34%
5600 Médor
30%
Aucun quiz correspondant
Distribution des résultats
% des personnes avec chaque résultat
Percentile par nombre de réponses
Votre historique - résultats
Vous n’avez pas pris ce quiz depuis la dernière actualisation